ENERJİ (Record no. 709730)

MARC details
000 -LEADER
sabit uzunluktaki kontrol alanı 00232nam a2200097Ia 4500
001 - KONTROL NUMARASI
kontrol alanı 709730
005 - EN SON İŞLEMİN TARİH VE ZAMANI
kontrol alanı 20250826162552.0
008 - SABİT-UZUNLUKTA VERİ ÖĞELERİ--GENEL BİLGİ
sabit uzunluktaki kontrol alanı 250824s9999 xx 000 0 und d
245 #0 - ESER / YAZAR
ESER ADI ENERJİ
Yazar Adı ERİC ÜBELACKER
260 ## - YAYIN, DAĞITIM, VB.
YAYIN EVİ TUDEM YAYINLARI
Holdings
Düşüm durumu Kayıp durumu Hasar Durumu Ödünç verilmez Ana kütüphane Geçerli Kütüphane Edinilen tarih Toplam ödünç verme sayısı Barkod Son görüntüleme tarihi Fiyatın geçerli olmaya başladığı tarih Koha materyal türü Sınıflandırma Kaynağı veya raf şeması
        CAHİT ZARİFOĞLU İLKOKULU CAHİT ZARİFOĞLU İLKOKULU 24.08.2025   10272790 27.04.2026 26.08.2025 Books  
        CEMİLE ERKUNT İLKOKULU CEMİLE ERKUNT İLKOKULU 24.09.2025   10236745 24.09.2025 24.09.2025 Books Dewey Ondalık Sınıflama